01630cam a2200385 a 4500001001000000003000400010005001700014008004100031040001900072082001700091245029800108260003700406300002100443490004100464490002200505650007000527650005300597650004200650700005100692700002500743700002400768700002200792700003400814700002700848700002400875700004100899700002700940700002500967700002900992830006801021910000601089942001401095952012001109999001501229000003120OSt20201203085628.0730924s1968 sp 001 p spa  aDO-SdBNPc d  a861.6bG724p00aPoetas catalanes contemporáneos :bantología. /ctraducción, José Agustín Goytisolo ; de los poemas originales de Josep Carner, Carles Ribas, J. V. Foix, Joan Salvat-Papasseit, María Manent, Joan Oliver, Bartomeu Rosselló-Pórcel, Salvador Espiu, Joan Vinyoli, Gabriel Ferrater. aBarcelona :bSeix Barral,c1968. a370 p. ;c19 cm.1 aBiblioteca breve de bolsillovno. 161 aLibros de enlace. 4aPoetas españolesySIGLOS XXxCrítica e interpretación99819 4aPoetas españolesySIGLO XXvBIOGRAFÍAS99820 4aLiteratura españolaySIGLO XX933261 aGoytisolo, José Agustín,d1928-etr.998211 aCarner, Josep.998221 aRibas Carles.998231 aFoix, J. V.998241 aSalvat-Papasseit, Joan.998251 aManent, María.998261 aOliver, Joan.998271 aRosselló-Pórcel, Bartomeu.998281 aEspiu, Salvador.998291 aVinyoli, Joan.998301 aFerrater, Gabriel.99831 0aBiblioteca breve de bolsillo.plibros de enlace,vno. 16.99832 a  2ddccLBS1 001052708MOaGRbGRcCTd2009-07-06iLF1l0o861.6 G724pp3120-10r2020-06-25w2020-06-25y2ZPréstamo interno c2951d2951